000 00777nam a22002417i 4500
003 DO-SdBNP
005 20230731111548.0
006 a||||er|||| 00| 0
007 ta
008 230731e2022 dr ||||| |||| 00| p spa d
020 _a9789945936759
040 _aDO-SdBNP
_bspa
_cBNPHU
_erda
082 4 _222
_bG215q
100 1 _aGarcía, Franklin
_98572
245 1 3 _aLo que escribí mientras esperabas en una habitación vacía. /
_bFrank García; edición- corrección: Rafael J. Rodríguez Pérez.
264 1 _aSanto Domingo :
_bRío de Oro Editores;
_c2022
300 _a73 páginas ;
_c21 cm.
336 _2rdacontent
_atexto
_btxt
337 _2rdamedia
_asin medición
_bn
338 _2rdacarrier
_avolumen
_bnc
590 _aInventariado 20213 / MF
942 _2ddc
_cLBS1
999 _c54265
_d54265